00218nam a2200085Ia 4500008004100000082001300041100002100054245004200075300001500117230907s9999||||xx |||||||||||||| ||und|| a5.7bBER aBerman, Jules J. 0aPrinciples and practice of big data : a452 pages.